000 00526nam a2200181Ia 4500
005 20250508151537.0
008 008 250505s9999 xx 000 0 eng d
037 _aTextual
040 _aFEDL
_beng
_cFEDL
041 _aeng
_2eng
084 _a954.01, SAN
_qFEDL
100 _aSankarananda
245 0 _aRigvedic culture of the pre-historic indus Vol. 1
260 _aCalcutta, India
_bAbhedananda Academy of Culture
_c1946
300 _a157p.
942 _cTEXL
_h954.01, SAN
999 _c1330518
_d1330518